000
00203 a2200097 4500
001
43712
100
_a
Ward
245
_a
The use of tenses in English
260
_a
_b
Longmans
_c
090
_c
27490
_d
27490
942
_a
NUST-CAE
_c
M
_c
19436
999
_c
278785
_d
278785